| 000 | 00976nac a22003017a 4500 | ||
|---|---|---|---|
| 001 | BR8705446 | ||
| 003 | BR-BrBNA | ||
| 005 | 20240105120547.0 | ||
| 008 | 230509b bl.|||m| |||| 00| 0 por d | ||
| 040 |
_aBR-BrBNA _bpor _cBiblioteca Nacional de Agricultura |
||
| 072 | _aH50 | ||
| 090 | _a1720 BR8705446 | ||
| 100 | 1 | _aFornazier, M.J. | |
| 100 | 1 | _aCarmo, C.A.S. do | |
| 100 | 1 | _aSouza, J.L. de | |
| 100 | 1 | _aDessaune Filho, N. | |
| 110 | 1 |
_aEmpresa Capixaba de Pesquisa Agropecuaria, Cariacica, ES (Brasil) _93951 |
|
| 245 | 1 | _aComportamento de diversas cultivares de alho ao ataque do acaro do chochamento | |
| 260 | 3 |
_aCariacica, ES (Brasil): _c1977. |
|
| 300 | _a6 p. | ||
| 490 |
_aPesquisa em Andamento - Empresa Capixaba de Pesquisa Agropecuaria (Brazil) _vno. 44 _xISSN 0101-5834 |
||
| 650 | _aALHO | ||
| 650 | _aACARO | ||
| 650 | _aCHOCHAMENTO | ||
| 650 | _aERRADICACAO | ||
| 909 |
_a202312 _bLúcia Elande _c55 _dLúcia Elande |
||
| 942 |
_2AGRIS _n0 _cMS |
||
| 999 |
_c280150 _d280150 |
||